| 000 | 00875nam a2200205Ii 4500 | ||
|---|---|---|---|
| 003 | JO-AjNU | ||
| 008 | 230605s9999||||xx |||||||||||||| ||und|| | ||
| 040 |
_aJO-AjNU _bara _erda _cJO-AjNU |
||
| 041 | _aara | ||
| 050 | 1 | 4 | _aKMM394.6.S2272 1996 |
| 100 | 3 |
_aالسعيد، كامل, _eauthor _946684 |
|
| 245 | 0 | 0 | _aشرح قانون العقوبات الجرائم الواقعة على الشرف والحرية: دراسة تحليلية مقارنة |
| 250 | _aط1 | ||
| 264 | 3 | 1 | _aعمان: دار الثقافة للنشر والتوزيع، 1996 |
| 300 |
_a258ص _bيحتوي على ببلوغرافيا من ص 253-ص258 |
||
| 336 |
_atext _btxt _2rdacontent |
||
| 337 |
_aunmediated _bn _2rdamedia |
||
| 338 |
_avolume _bnc _2rdacarrier |
||
| 650 | 4 |
_aقانون العقوبات - الجرائم الجنسية - قوانين وتشريعات - الاردن _946685 |
|
| 999 |
_aA20328 _c23896 _d23896 |
||